000 00334 a2200169 4500
001 175295
020 _a85-7056-839-8
040 _cMagnum
100 _aValim, Ana
240 1 0 _aMigrações
_lpor
245 1 0 _aMigrações
300 _a56
362 0 _a1997
440 1 _aAtual Editora
697 _aMISCELÂNEA
942 _cBK
999 _c175295
_d175295